Logo BPK

Biblioteka

Politechniki Koszalińskiej

Budownictwo komunikacyjne i geotechnika. (Rekord nr 19505)

Szczegóły MARC
000 -ETYKIETA REKORDU
podpole kontrolne o stałej długości 00493nam a2200157 i 4500
001 - NUMER KONTROLNY REKORDU
pole kontrolne bg
040 ## - ŹRÓDŁO KATALOGOWANIA
Instytucja, która utworzyła rekord BPK
041 ## - KOD JĘZYKA
Kod języka tekstu pol
080 ## - UNIWERSALNA KLASYFIKACJA DZIESIĘTNA - UKD
UKD 625
008 - POLE O STAŁEJ DŁUGOŚCI - DANE KONTROLNE
podpole kontrolne o stałej długości s pl f |000 0 pol
245 #0 - TYTUŁ/ODPOWIEDZIALNOŚĆ
Tytuł Budownictwo komunikacyjne i geotechnika.
260 ## - STREFA ADRESU WYDAWNICZEGO
Miejsce wydania Lublin,
Data publikacji, dystrybucji/powstania dokumentu 1979.
490 1# - STREFA SERII I DOKUMENTU WIELOCZĘŚCIOWEGO - FORMA NIE DO WYSZUKIWANIA
Tytuł i oznaczenie odpowiedzialności serii Prace Instytutu Inżynierii Budowlanej i Sanitarnej / Politechnika Lubelska. Seria B
830 #0 - HASŁO DODATKOWE SERII LUB DOKUMENTU WIELOCZĘŚCIOWEGO - TYTUŁ UJEDNOLICONY
Tytuł ujednolicony Prace Instytutu Inżynierii Budowlanej i Sanitarnej (Politechnika Lubelska).
Nazwa części/sekcji dzieła Seria B
856 ## - LOKALIZACJA I DOSTĘP DO ELEKTRONICZNYCH DOKUMENTÓW ZDALNYCH
Link (URL) http://koha.tu.koszalin.pl/cgi-bin/koha/opac-detail.pl?biblionumber=19505
Tekst linku Katalog online BPK
942 ## - DODATKOWE ELEMENTY (KOHA)
Typ dokumentu Książka
Egzemplarze
Wycofany Status egzemplarza Uszkodzony Dostępność Lokalizacja stała Lokalizacja bieżąca Miejsce przechowywania Sygnatura Kod kreskowy Ostatnio wypożyczono Typ dokumentu
      Dostępny Biblioteka Politechniki Koszalińskiej Biblioteka Politechniki Koszalińskiej Wypożyczalnia BG 27473 01654738 22.02.2021 Książka
© 2023 Biblioteka Politechniki Koszalińskiej :: KOHA